00940nam a2200277 a 4500008004100000020002200041049000900063090001000072100002200082245007400104260004100178300005800219504004100277500002000318650001300338700002700351700001900378700002500397907003500422003000100457005001700458040000900475942001700484999001900501952014200520  a1899066217 (hbk.) aMAIN aRC871 aMundy, Anthony R.00aScientific basis of urology /cedited by Anthony R. Mundy... [et al.] aOxford :bIsis Medical Media,c1999. aviii, 531 p. :bill. (some col.), col. port ;c29 cm. aIncludes bibliographical references. aIncludes index. 2aUrology. aGeorge, Nicholas J. R. aNeal, David E. aFitzpatrick, John M. a.b10149648b30-01-14c28-01-0520230120203841.0 cNUST cBOOKSkRC871 c112589d112589 r2023-01-20 00:00:00l1oRC871 SCIp92003034955v80.00w2023-01-20yBOOKS102LCC40708NFIC00aMEDICALbMEDICALcGENd2023-01-20g80.00